000 00454nam a22001697a 4500
003 NUST - PNEC
005 20170116181114.0
008 151004b xxu||||| |||| 00| 0 eng d
020 _a-
040 _cLIBRARY
082 _a915.450431 HUG
100 _913128
_aHugel, Baron Charles
245 _aTravels in Kashmir and the Panjab
_cBaron Charles Hugel
260 _cc.1976
650 _913129
_aIndia--Jammu and Kashmir
_xGeography
942 _2ddc
_cBK
999 _c69273
_d69273